| 000 | 00910nam a2200265 a 4500 | ||
|---|---|---|---|
| 001 | 386 | ||
| 003 | BR-CuiBMT | ||
| 005 | 20231122004840.0 | ||
| 008 | 231103s2018 mgb 000 0 por d | ||
| 020 | _a9788545004578 | ||
| 040 |
_aBR-CuiBMT _cBR-CuiBMT |
||
| 080 |
_22007 _a342:340.5 |
||
| 090 |
_a342:340.5 _bC568j _c2. ed. |
||
| 100 | 1 | _aCicconetti, Stefano Maria | |
| 245 | 1 | 0 |
_aJurisdição constitucional comparada : _bBrasil, Itália, Alemanha, França e EUA / _cStefano Maria Cicconetti, Anderson Vichinkeski Teixeira ; prefácio Ingo Wolfgang Sarlet. |
| 250 | _a2. ed. | ||
| 260 |
_aBelo Horizonte : _bFórum, _cc2018. |
||
| 300 |
_a383 p. ; _c22 cm |
||
| 504 | _aInclui bibliografia. | ||
| 650 | _aDireito comparado | ||
| 650 | _aControle de constitucionalidade | ||
| 650 |
_aJurisdição constitucional _xDireito comparado |
||
| 700 | 1 |
_aTeixeira, Anderson Vichinkeski, _d1980- |
|
| 942 |
_2udc _cLV |
||
| 999 |
_c386 _d386 |
||